|
|
|
|
| LEADER |
00000nam a22000007a 4500 |
| 005 |
20211005214229.0 |
| 007 |
cr|||| |||| |
| 008 |
211005s2021 co |||||s|||| 00||0 spa d |
| 020 |
|
|
|a 978-958-760-325-5
|
| 035 |
|
|
|a 35200
|
| 040 |
|
|
|a vLex
|
| 090 |
|
|
|c 12494
|d 12494
|
| 100 |
1 |
|
|a Vieira Posada, Edgar
|
| 245 |
1 |
2 |
|a La covid-19 y los cambios en la integracin̤ Latinoamericana y Europea
|h [Recurso electrn̤ico] /
|c Edgar Vieira Posada, Fľix Peą
|
| 256 |
|
|
|a Servicio en ln̕ea
|
| 260 |
|
|
|a Bogot:̀
|b Universidad Cooperativa de Colombia,
|c 2021
|
| 300 |
|
|
|a 1 recurso electrn̤ico
|
| 500 |
|
|
|a La pandemia de covid-19 ha significado un momento de reflexin̤ para los procesos de integracin̤ de Amřica Latina, desbordados por su impacto y las consecuencias que trajo la falta de respuestas multilaterales, colaborativas y consensuadas y la preferencia por actuar de manera individual, prevaleciendo las soberana̕s nacionales sobre una actuacin̤ de soberana̕s compartidas. Con ello se est ̀demostrando que en lo institucional se encuentra una de las mayores falencias y debilidades de la integracin̤ latinoamericana, a lo que se agrega la falta de liderazgo tan necesario en circunstancias como estas. Amřica Latina no ha actuado de manera colaborativa, a pesar de contar con tantos elementos de identidad compartida entre sus pas̕es. Este individualismo les ha restado posibilidades de aprovechar mejor la ayuda internacional. Al comparar lo adelantado en pas̕es de otros continentes, se observa una reaccin̤ multilateral, por ejemplo, en la Unin̤ Europea, e incluso una mayor coordinacin̤ en el continente africano, lo que les permite aprovechar mejor las acciones de cooperacin̤ adelantadas, en este caso, por China. Aunque hubo al comienzo algn︢ retraso en la reaccin̤ de la Unin̤ Europea, finalmente se dio aprobacin̤ a un paquete de medidas econm̤icas de gran magnitud que le permitir ̀a muchos de sus miembros sortear ms̀ eficazmente los impactos negativos de la pandemia. En materia de liderazgo, el eje franco-alemǹ y el comportamiento de un Estado federal como Alemania es tambiň fuente de lecciones positivas. Como se muestra en este tomo 8 de Gridale, en Latinoamřica, solo el proceso centroamericano de integracin̤ ha tenido un accionar ms̀ grupal y colaborativo, mientras en procesos como el Mercosur es clara la necesidad de introducir profundas reformas que aclaren el rumbo del proceso e incorporen en este y dems̀ procesos de integracin̤ elementos indispensables para la pospandemia como el trabajo mancomunado, multilateral y solidario.
|
| 506 |
1 |
|
|a Disponible solo en los productos indicados
|d vLex Global
|d vLex Global (Academic Edition, excluding Law Schools)
|d vLex Global (U.S. Academic Edition, Law Schools)
|d vLex Global (U.S. Academic Edition, excluding Law Schools)
|d vLex Global (Academic Edition, Law Schools)
|
| 650 |
0 |
4 |
|a Derecho Comunitario
|z Colombia
|
| 700 |
1 |
|
|a Peą, Fľix
|
| 740 |
0 |
|
|a vLex Libros (Servicio en ln̕ea)
|
| 856 |
4 |
0 |
|u https://app.vlex.com/#/sources/35200
|z Acceso restringido
|
| 942 |
|
|
|c BOOK
|
| 999 |
0 |
|
|a Derecho Comunitario
|